书目信息 |
| 题名: |
危机管理
|
|
| 作者: | 刘刚 著 | |
| 分册: | ||
| 出版信息: | 北京 中国经济出版社 2004.01 |
|
| 页数: | 368页 | |
| 开本: | 21cm | |
| 丛书名: | 企业必修课 | |
| 单 册: | ||
| 中图分类: | F270 | |
| 科图分类: | ||
| 主题词: | 企业管理 | |
| 电子资源: | ||
| ISBN: | 7-5017-6046-2 | |
| 000 | 00828nam 2200277 450 | |
| 001 | 0142496805 | |
| 005 | 20051014101918.90 | |
| 010 | @a7-5017-6046-2@dCNY28.00 | |
| 100 | @a20050323d2004 km y0chiy0120 ea | |
| 101 | 0 | @achi |
| 102 | @aCN@b110000 | |
| 105 | @ay a 000yy | |
| 200 | 1 | @a危机管理@Awei ji guan li@f刘刚著@Fliu gang zhu |
| 210 | @a北京@c中国经济出版社@d2004.01 | |
| 215 | @a368页@d21cm | |
| 225 | 2 | @a企业必修课 |
| 312 | @a并列题名取自封面。 | |
| 320 | @a有书目 (第359-365页)。 | |
| 330 | @a本书从危机概述、危机管理概述、危机预防、危机处理、外部环境变化与危机管理等方面详细论述了危机管理。 | |
| 410 | 0 | @12001 @a企业必修课 |
| 510 | 1 | @aCrisis management@zeng |
| 606 | 0 | @a企业管理 |
| 690 | @aF270@v4 | |
| 701 | 0 | @a刘刚@Aliu gang@4著 |
| 801 | 0 | @aCN@bQSSK@c20051014 |
| 905 | @a10447@dF270@eL612 | |
| 危机管理/刘刚著.-北京:中国经济出版社,2004.01 |
| 368页;21cm.-(企业必修课) |
| ISBN 7-5017-6046-2:CNY28.00 |
| 本书从危机概述、危机管理概述、危机预防、危机处理、外部环境变化与危机管理等方面详细论述了危机管理。 |
| ● |
| 相关链接 |
|
|
|
正题名:危机管理
索取号:F270/L612
 
预约/预借
| 序号 | 登录号 | 条形码 | 馆藏地/架位号 | 状态 | 备注 |
| 1 | 568383 | 205683839 | 社科库409/409社科库 84排1列1层/ [索取号:F270/L612] | 在馆 | |
| 2 | 568384 | 205683848 | 社科库409/409社科库 84排1列1层/ [索取号:F270/L612] | 在馆 | |
| 3 | 568385 | 205683857 | 社科库409/409社科库 84排1列1层/ [索取号:F270/L612] | 在馆 |